[Event "Bulgaria tch 2005"]
[Site "Sunny Beach BUL"]
[Date "2005.09.28"]
[Round "3.2"]
[White "Radulski, Julian"]
[Black "Georgiev, Krum"]
[Result "1/2-1/2"]
[WhiteElo "2502"]
[BlackElo "2468"]
[PlyCount "52"]
[EventDate "2005.09.26"]
[EventType "team"]
[EventRounds "7"]
[EventCountry "BUL"]
[Source "lmi"]
[SourceDate "2005.10.02"]

1. d4 Nf6 2. c4 g6 3. Nc3 Bg7 4. Nf3 O-O 5. h3 d6 6. Bf4 c6 7. e3 a6 8. Be2 b5
9. O-O Nbd7 10. Rc1 bxc4 11. Bxc4 c5 12. dxc5 Nxc5 13. b4 Ncd7 14. Qe2 Nb6 15.
Bb3 a5 16. bxa5 Ba6 17. Nb5 Nbd5 18. a4 Qxa5 19. Nfd4 Rac8 20. Bg5 Bb7 21. e4
Nc3 22. Rxc3 Rxc3 23. Bd2 Nxe4 24. Bxc3 Nxc3 25. Qxe7 Bxd4 26. Nxd4 Bd5 1/2-1/2

[Event "Bulgaria tch 2005"]
[Site "Sunny Beach BUL"]
[Date "2005.09.28"]
[Round "3.2"]
[White "Velikov, Petar"]
[Black "Ninov, Nikolai"]
[Result "1/2-1/2"]
[WhiteElo "2422"]
[BlackElo "2493"]
[PlyCount "109"]
[EventDate "2005.09.26"]
[EventType "team"]
[EventRounds "7"]
[EventCountry "BUL"]
[Source "lmi"]
[SourceDate "2005.10.02"]

1. Nf3 c5 2. c4 Nc6 3. Nc3 Nf6 4. e3 d5 5. cxd5 Nxd5 6. a3 g6 7. Bb5 Bg7 8. O-O
O-O 9. Qc2 Bg4 10. Bxc6 Nxc3 11. Bxb7 Ne2+ 12. Kh1 Rb8 13. Qc4 Nxc1 14. Raxc1
Bxb2 15. Rb1 Rxb7 16. Qxg4 Qd3 17. Rfd1 h5 18. Qa4 Rfb8 19. Kg1 Qxa3 20. Qxa3
Bxa3 21. Ra1 Rb3 22. Kf1 a5 23. Ra2 f6 24. Ke2 R8b5 25. Ne1 c4 26. Nc2 Bc5 27.
Rda1 Bb6 28. Na3 Rc5 29. Rc2 c3 30. d4 Rc8 31. Kd3 e5 32. dxe5 fxe5 33. f3 Rd8+
34. Kc4 Rb4+ 35. Kxc3 Bxe3 36. Raa2 Kf7 37. Nc4 Bd4+ 38. Kd3 a4 39. Ke2 Ke6 40.
Na5 Ra8 41. Nc6 Rb3 42. Nxd4+ exd4 43. Rc4 d3+ 44. Kd2 a3 45. Rc3 Rxc3 46. Kxc3
h4 47. Kxd3 Ke5 48. Ke3 g5 49. Kd3 Kf4 50. Ke2 Ra5 51. Kf2 Kf5 52. Ke3 Ke5 53.
Kd3 Ra6 54. Ke3 Kd5 55. Kd3 1/2-1/2

[Event "Bulgaria tch 2005"]
[Site "Sunny Beach BUL"]
[Date "2005.09.28"]
[Round "3.2"]
[White "Bratanov, Zsivko"]
[Black "Ivanov, Jordan"]
[Result "1/2-1/2"]
[WhiteElo "2408"]
[BlackElo "2347"]
[PlyCount "99"]
[EventDate "2005.09.26"]
[EventType "team"]
[EventRounds "7"]
[EventCountry "BUL"]
[Source "lmi"]
[SourceDate "2005.10.02"]

1. d4 d5 2. Nf3 Nf6 3. c4 dxc4 4. e3 e6 5. Bxc4 c5 6. O-O a6 7. Bb3 Nc6 8. Nc3
cxd4 9. Nxd4 Nxd4 10. exd4 Be7 11. d5 Nxd5 12. Nxd5 exd5 13. Bxd5 O-O 14. Qb3
Bc5 15. Be3 Qe7 16. Rfe1 Be6 17. Bxc5 Qxc5 18. Bxe6 fxe6 19. Qxe6+ Kh8 20. Qe2
Rac8 21. Rad1 Rc6 22. Rd2 h6 23. a3 b5 24. g3 b4 25. Qe7 bxa3 26. bxa3 Qxe7 27.
Rxe7 Rf5 28. f4 Ra5 29. Rd8+ Kh7 30. Rdd7 Rg6 31. Re3 Rb5 32. Kg2 Rgb6 33. Ra7
h5 34. Rae7 Rb2+ 35. Kh3 Ra2 36. R7e5 Rb5 37. Rc3 Rxe5 38. fxe5 Re2 39. Rc5 g5
40. Ra5 Kg6 41. g4 Re3+ 42. Kg2 hxg4 43. Rxa6+ Kf5 44. e6 Kf6 45. a4 Ra3 46.
Kf2 Ke7 47. Ra5 Kxe6 48. Rxg5 Rxa4 49. Kg3 Kf6 50. Rxg4 1/2-1/2

[Event "Bulgaria tch 2005"]
[Site "Sunny Beach BUL"]
[Date "2005.09.28"]
[Round "3.2"]
[White "Mollov, Ergin"]
[Black "Kozhuharov, Spas"]
[Result "1/2-1/2"]
[WhiteElo "2422"]
[BlackElo "2391"]
[PlyCount "81"]
[EventDate "2005.09.26"]
[EventType "team"]
[EventRounds "7"]
[EventCountry "BUL"]
[Source "lmi"]
[SourceDate "2005.10.02"]

1. d4 d5 2. Nf3 Nf6 3. c4 dxc4 4. Qa4+ Nc6 5. g3 Nd5 6. Qxc4 Nb6 7. Qd3 e5 8.
Nxe5 Nb4 9. Qd1 Qxd4 10. Qxd4 Nc2+ 11. Kd1 Nxd4 12. e3 Ne6 13. Nc3 f6 14. Nc4
Bd7 15. Nxb6 axb6 16. Bg2 O-O-O 17. Kc2 Nc5 18. Rd1 Bf5+ 19. e4 Rxd1 20. Kxd1
Bd7 21. Be3 Bd6 22. Kc2 Re8 23. Re1 f5 24. f3 fxe4 25. fxe4 Be5 26. Bf4 Bc6 27.
Bxe5 Rxe5 28. b4 Ne6 29. Bh3 Kd8 30. Bxe6 Rxe6 31. b5 Bd7 32. Rf1 Rh6 33. h4
Rg6 34. Rf3 c6 35. a4 Ke7 36. Kd3 Kd6 37. Kd4 Rg4 38. Rd3 Ke6 39. Rf3 Kd6 40.
Rd3 Ke6 41. Rf3 1/2-1/2

[Event "Bulgaria tch 2005"]
[Site "Sunny Beach BUL"]
[Date "2005.09.28"]
[Round "3.2"]
[White "Grigorov, Grigor"]
[Black "Todorov, Ognjan"]
[Result "1-0"]
[WhiteElo "2400"]
[BlackElo "2335"]
[PlyCount "49"]
[EventDate "2005.09.26"]
[EventType "team"]
[EventRounds "7"]
[EventCountry "BUL"]
[Source "lmi"]
[SourceDate "2005.10.02"]

1. d4 Nf6 2. c4 c5 3. d5 d6 4. Nc3 g6 5. e4 Bg7 6. Bd3 O-O 7. h3 e6 8. Nf3 Na6
9. O-O Nc7 10. Bg5 h6 11. Be3 exd5 12. exd5 b5 13. Qd2 b4 14. Ne2 Kh7 15. Ng3
a5 16. Bf4 a4 17. Rac1 a3 18. b3 Re8 19. h4 Bg4 20. Nh2 h5 21. Bg5 Rh8 22. f3
Bc8 23. Nxh5 Nxh5 24. Bxd8 Rxd8 25. g4 1-0

[Event "Bulgaria tch 2005"]
[Site "Sunny Beach BUL"]
[Date "2005.09.28"]
[Round "3.3"]
[White "Nikolov, Momchil"]
[Black "Karakehajov, Kalin"]
[Result "1-0"]
[WhiteElo "2400"]
[BlackElo "2385"]
[PlyCount "77"]
[EventDate "2005.09.26"]
[EventType "team"]
[EventRounds "7"]
[EventCountry "BUL"]
[Source "lmi"]
[SourceDate "2005.10.02"]

1. d4 d5 2. c4 c6 3. Nc3 dxc4 4. a4 e5 5. dxe5 Qxd1+ 6. Nxd1 Na6 7. Bd2 Nb4 8.
Ne3 Be6 9. Nf3 Bc5 10. Rc1 b5 11. Ng5 Bxe3 12. Bxe3 Bf5 13. Bc5 a5 14. e4 Bd7
15. Rd1 Nh6 16. f4 f6 17. Nf3 Bg4 18. Be2 Na6 19. Be3 O-O 20. h3 Bxf3 21. gxf3
Nb4 22. Bc5 Rfd8 23. Kf2 fxe5 24. fxe5 Nf7 25. f4 Rxd1 26. Rxd1 Rd8 27. Rxd8+
Nxd8 28. f5 Nb7 29. Bb6 Na6 30. Ke3 Nac5 31. axb5 cxb5 32. e6 Kf8 33. e5 Ke7
34. Kd4 Nd3 35. Bf3 Nd8 36. Bxd8+ Kxd8 37. f6 Nf4 38. e7+ Kd7 39. Bc6+ 1-0

[Event "Bulgaria tch 2005"]
[Site "Sunny Beach BUL"]
[Date "2005.09.28"]
[Round "3.3"]
[White "Todorov, Mladen"]
[Black "Yordanov, Nikolay"]
[Result "1-0"]
[WhiteElo "2221"]
[BlackElo "2146"]
[PlyCount "105"]
[EventDate "2005.09.26"]
[EventType "team"]
[EventRounds "7"]
[EventCountry "BUL"]
[Source "lmi"]
[SourceDate "2005.10.02"]

1. d4 Nf6 2. Nf3 c5 3. d5 b5 4. c4 d6 5. cxb5 a6 6. bxa6 Bxa6 7. Nc3 g6 8. g3
Bg7 9. Bg2 Nbd7 10. Rb1 O-O 11. O-O Nb6 12. b3 Ra7 13. Re1 Qa8 14. e4 Ng4 15.
Bb2 Nd7 16. a4 Rb8 17. Nb5 Bxb5 18. axb5 Bxb2 19. Rxb2 Rxb5 20. h3 Nge5 21.
Nxe5 Nxe5 22. f4 Nd7 23. e5 c4 24. exd6 exd6 25. Rbe2 Rb8 26. bxc4 Nc5 27. Qd4
Rf8 28. h4 Ra3 29. Kh2 Qd8 30. Re7 Nd7 31. h5 Qb6 32. Qxb6 Nxb6 33. Rc1 Nc8 34.
Rc7 gxh5 35. Rb1 Ra7 36. Rc6 Rd7 37. Bh3 Rdd8 38. Rc7 Rde8 39. Rbb7 Kg7 40. Be6
Kf6 41. Rxf7+ Rxf7 42. Rxf7+ Kg6 43. Rc7 Ne7 44. Rd7 h4 45. g4 Kf6 46. g5+ Kg6
47. Rxd6 Nf5 48. Bxf5+ Kxf5 49. Kh3 Kxf4 50. Kxh4 Re4 51. Rc6 Kf5+ 52. Kh5 Re1
53. Rf6+ 1-0

[Event "Bulgaria tch 2005"]
[Site "Sunny Beach BUL"]
[Date "2005.09.28"]
[Round "3.3"]
[White "Velchev, Hristo"]
[Black "Todorov, Momchil"]
[Result "1-0"]
[WhiteElo "2212"]
[BlackElo "2207"]
[PlyCount "65"]
[EventDate "2005.09.26"]
[EventType "team"]
[EventRounds "7"]
[EventCountry "BUL"]
[Source "lmi"]
[SourceDate "2005.10.02"]

1. e4 c5 2. Nf3 Nc6 3. d4 cxd4 4. Nxd4 e5 5. Nb5 Nf6 6. N1c3 d6 7. Bg5 a6 8.
Na3 b5 9. Bxf6 gxf6 10. Nd5 Bg7 11. g3 f5 12. Bg2 fxe4 13. Bxe4 Be6 14. O-O Rc8
15. c3 Ne7 16. Nc2 Rc5 17. Nxe7 Qxe7 18. Ne3 Qd7 19. Qh5 d5 20. Rad1 Qc6 21. b4
dxe4 22. bxc5 Qxc5 23. Nf5 Bxf5 24. Qxf5 O-O 25. Qxe4 Qxc3 26. Rd7 Qb2 27. Qd5
Qa3 28. Rd8 Rxd8 29. Qxd8+ Qf8 30. Rd1 Qxd8 31. Rxd8+ Bf8 32. Ra8 Kg7 33. Rxa6
1-0

[Event "Bulgaria tch 2005"]
[Site "Sunny Beach BUL"]
[Date "2005.09.28"]
[Round "3.3"]
[White "Petrov, Ivan"]
[Black "Mladenov, Plamen"]
[Result "1/2-1/2"]
[WhiteElo "2191"]
[BlackElo "2205"]
[PlyCount "35"]
[EventDate "2005.09.26"]
[EventType "team"]
[EventRounds "7"]
[EventCountry "BUL"]
[Source "lmi"]
[SourceDate "2005.10.02"]

1. d4 d5 2. Nf3 c6 3. c4 Nf6 4. Nbd2 a6 5. g3 b5 6. cxd5 cxd5 7. Bg2 Nc6 8. O-O
e6 9. Nb3 Be7 10. Bg5 O-O 11. e3 Bd7 12. Qe2 Na5 13. Nxa5 Qxa5 14. Ne5 Rfd8 15.
Rfc1 Be8 16. a3 b4 17. axb4 Qxb4 18. Nc6 1/2-1/2

[Event "Bulgaria tch 2005"]
[Site "Sunny Beach BUL"]
[Date "2005.09.28"]
[Round "3.3"]
[White "Tzekov, Svetozar"]
[Black "Tomov, Georgi"]
[Result "1/2-1/2"]
[WhiteElo "2147"]
[BlackElo "2239"]
[PlyCount "63"]
[EventDate "2005.09.26"]
[EventType "team"]
[EventRounds "7"]
[EventCountry "BUL"]
[Source "lmi"]
[SourceDate "2005.10.02"]

1. e4 e5 2. Nf3 Nf6 3. Nxe5 d6 4. Nf3 Nxe4 5. Nc3 Nf6 6. d4 Be7 7. h3 O-O 8.
Bd3 Re8 9. O-O Nbd7 10. Bf4 Nf8 11. Qd2 Ne6 12. Bh2 g6 13. Rfe1 a6 14. Ne4 Nxe4
15. Bxe4 Bf6 16. c3 Rb8 17. Re2 Ng7 18. Rae1 Bf5 19. Bxf5 Rxe2 20. Rxe2 Nxf5
21. g4 Ng7 22. d5 Qd7 23. Qf4 Re8 24. Rxe8+ Nxe8 25. Qe4 Bg7 26. g5 Bf8 27. Kg2
Ng7 28. Nd4 Qe7 29. Qxe7 Bxe7 30. Bf4 f6 31. h4 Kf7 32. Kf3 1/2-1/2

[Event "Bulgaria tch 2005"]
[Site "Sunny Beach BUL"]
[Date "2005.09.28"]
[Round "3.3"]
[White "Andreev, Stanislav"]
[Black "Mladenov, Ilian"]
[Result "1/2-1/2"]
[WhiteElo "2139"]
[BlackElo "2207"]
[PlyCount "45"]
[EventDate "2005.09.26"]
[EventType "team"]
[EventRounds "7"]
[EventCountry "BUL"]
[Source "lmi"]
[SourceDate "2005.10.02"]

1. d4 Nf6 2. c4 d6 3. Nf3 g6 4. Nc3 Bf5 5. Bf4 Bg7 6. e3 Ne4 7. Nxe4 Bxe4 8.
Bd3 Bxd3 9. Qxd3 Nd7 10. O-O O-O 11. Rab1 a5 12. Rfd1 Re8 13. Bg5 c6 14. Qc2
Qc7 15. Rd2 e5 16. dxe5 dxe5 17. Rbd1 Nc5 18. e4 Ne6 19. Be3 Rad8 20. c5 Rxd2
21. Rxd2 Rd8 22. Qd1 Rxd2 23. Qxd2 1/2-1/2

[Event "Bulgaria tch 2005"]
[Site "Sunny Beach BUL"]
[Date "2005.09.29"]
[Round "4.1"]
[White "Dimitrov, Vladimir"]
[Black "Savchenko, Stanislav"]
[Result "1/2-1/2"]
[WhiteElo "2418"]
[BlackElo "2506"]
[PlyCount "41"]
[EventDate "2005.09.26"]
[EventType "team"]
[EventRounds "7"]
[EventCountry "BUL"]
[Source "lmi"]
[SourceDate "2005.10.02"]

1. d4 d5 2. Nf3 Nf6 3. c4 c6 4. Nc3 e6 5. Bg5 h6 6. Bxf6 Qxf6 7. Qc2 Nd7 8. e4
dxe4 9. Qxe4 g6 10. Qe3 Bg7 11. Ne4 Qe7 12. c5 O-O 13. Bc4 b6 14. Rd1 a5 15.
Rd2 Ba6 16. Bxa6 Rxa6 17. O-O Rb8 18. Rfd1 bxc5 19. dxc5 Nf6 20. Nxf6+ Qxf6 21.
Nd4 1/2-1/2

[Event "Bulgaria tch 2005"]
[Site "Sunny Beach BUL"]
[Date "2005.09.29"]
[Round "4.1"]
[White "Chatalbashev, Boris"]
[Black "Radulski, Julian"]
[Result "0-1"]
[WhiteElo "2499"]
[BlackElo "2502"]
[PlyCount "146"]
[EventDate "2005.09.26"]
[EventType "team"]
[EventRounds "7"]
[EventCountry "BUL"]
[Source "lmi"]
[SourceDate "2005.10.02"]

1. d4 Nf6 2. c4 d6 3. Nc3 Nbd7 4. e4 e5 5. Nf3 Be7 6. Be2 O-O 7. O-O c6 8. Re1
a6 9. Rb1 Qc7 10. b4 b6 11. Bf1 Re8 12. d5 cxd5 13. Nxd5 Nxd5 14. cxd5 Nf6 15.
Bd2 Bd7 16. a4 b5 17. a5 Rac8 18. Rc1 Qb7 19. g3 Rxc1 20. Bxc1 Rc8 21. Bd2 Qc7
22. Kg2 Bg4 23. h3 Bh5 24. Bd3 Qd7 25. Qe2 h6 26. Qe3 Bd8 27. Nh4 Nh7 28. Nf5
Bg6 29. Nxg7 Kxg7 30. Qxh6+ Kg8 31. f4 Nf6 32. f5 Bxf5 33. exf5 Qb7 34. Qg5+
Kf8 35. Qh6+ Ke8 36. Qe3 Qxd5+ 37. Qf3 Qd4 38. g4 Kd7 39. g5 e4 40. Qe3 Qxd3
41. Qxd3 exd3 42. gxf6 Rc2 43. Rd1 Bxf6 44. Kf3 Rc4 45. Bf4 Be5 46. Bxe5 dxe5
47. Rxd3+ Ke7 48. Re3 Kf6 49. Re4 Rc1 50. Rh4 Rc3+ 51. Ke2 Kxf5 52. Rh8 Ke6 53.
Ra8 Rxh3 54. Rxa6+ Kf5 55. Rb6 Rh4 56. Rxb5 Rh3 57. Rb7 f6 58. Rb6 Ra3 59. a6
e4 60. Kd2 Ke5 61. Kc2 f5 62. Kb2 Ra4 63. Kc3 e3 64. Kd3 Kf4 65. Re6 Ra2 66.
Kd4 Rd2+ 67. Kc5 Kf3 68. a7 Ra2 69. Kd4 f4 70. Re7 Ra3 71. Rh7 Ra1 72. Kd3 e2
73. Re7 Rxa7 0-1

[Event "Bulgaria tch 2005"]
[Site "Sunny Beach BUL"]
[Date "2005.09.29"]
[Round "4.1"]
[White "Ninov, Nikolai"]
[Black "Bojkov, Dejan"]
[Result "1-0"]
[WhiteElo "2493"]
[BlackElo "2522"]
[PlyCount "135"]
[EventDate "2005.09.26"]
[EventType "team"]
[EventRounds "7"]
[EventCountry "BUL"]
[Source "lmi"]
[SourceDate "2005.10.02"]

1. e4 e5 2. Nf3 Nc6 3. Bc4 Be7 4. d4 d6 5. dxe5 dxe5 6. Qxd8+ Bxd8 7. Nc3 a6 8.
Be3 Be6 9. Bd5 Nb4 10. Bxe6 fxe6 11. O-O-O Nc6 12. Rd3 h6 13. Na4 Be7 14. Nc5
Bxc5 15. Bxc5 Nf6 16. Re1 Kf7 17. Ba3 Rhd8 18. Rc3 Nd7 19. b3 a5 20. Bb2 a4 21.
a3 Ke7 22. b4 Rac8 23. Rd1 Nf6 24. Rxd8 Nxd8 25. Nxe5 Nxe4 26. Rf3 Nf6 27. Rg3
Ne8 28. c4 b6 29. Kc2 c6 30. h4 Nb7 31. Rd3 Nf6 32. g4 Rc7 33. h5 Nd8 34. f3
Nf7 35. Nxf7 Kxf7 36. Rd8 b5 37. Be5 Rb7 38. Rc8 bxc4 39. Bxf6 Kxf6 40. Rxc6
Kg5 41. Rxe6 Rf7 42. Re5+ Kh4 43. Rf5 Rd7 44. Kc3 Rd3+ 45. Kxc4 Rxa3 46. Kb5
Ra1 47. Rf7 Kg3 48. Rxg7 Kxf3 49. g5 hxg5 50. Rxg5 a3 51. Rc5 Ke4 52. Rc3 Rh1
53. Rxa3 Rxh5+ 54. Kc4 Rh8 55. b5 Rc8+ 56. Kb4 Kd4 57. Ra7 Rc1 58. Rd7+ Ke5 59.
b6 Ke6 60. Rd2 Rc6 61. Kb5 Rc1 62. b7 Rb1+ 63. Kc6 Rc1+ 64. Kb6 Rb1+ 65. Kc7
Rc1+ 66. Kd8 Rb1 67. Rd7 Rb2 68. Kc8 1-0

[Event "Bulgaria tch 2005"]
[Site "Sunny Beach BUL"]
[Date "2005.09.29"]
[Round "4.1"]
[White "Janev, Evgeni"]
[Black "Bratanov, Zsivko"]
[Result "1/2-1/2"]
[WhiteElo "2460"]
[BlackElo "2408"]
[PlyCount "38"]
[EventDate "2005.09.26"]
[EventType "team"]
[EventRounds "7"]
[EventCountry "BUL"]
[Source "lmi"]
[SourceDate "2005.10.02"]

1. e4 e5 2. Nf3 Nf6 3. Nxe5 d6 4. Nf3 Nxe4 5. d4 d5 6. Bd3 Be7 7. O-O Nc6 8. c4
Nb4 9. Be2 O-O 10. a3 Nc6 11. cxd5 Qxd5 12. Nc3 Nxc3 13. bxc3 Bf5 14. Re1 Na5
15. c4 Qd8 16. Bd3 Bg4 17. Bb2 Bf6 18. h3 Bxf3 19. Qxf3 Nc6 1/2-1/2

[Event "Bulgaria tch 2005"]
[Site "Sunny Beach BUL"]
[Date "2005.09.29"]
[Round "4.1"]
[White "Kozhuharov, Spas"]
[Black "Vasilev, Milen"]
[Result "0-1"]
[WhiteElo "2391"]
[BlackElo "2419"]
[PlyCount "102"]
[EventDate "2005.09.26"]
[EventType "team"]
[EventRounds "7"]
[EventCountry "BUL"]
[Source "lmi"]
[SourceDate "2005.10.02"]

1. e4 e5 2. Nf3 Nc6 3. Bb5 Nf6 4. O-O Nxe4 5. d4 Nd6 6. Bxc6 dxc6 7. dxe5 Nf5
8. Qxd8+ Kxd8 9. Nc3 Ne7 10. h3 h6 11. b3 Ng6 12. Bb2 Be7 13. Rad1+ Ke8 14. Ne4
Nf4 15. Rfe1 Ne6 16. Ng3 h5 17. Nf5 c5 18. c4 Bd7 19. Nd2 Bc6 20. Nf1 Rd8 21.
N1e3 Rxd1 22. Rxd1 Bd8 23. Nd5 h4 24. Kf1 Rh5 25. Nfe3 a5 26. a4 Bd7 27. Ng4
Nf8 28. Nf4 Rf5 29. Nd3 b6 30. Ne3 Rg5 31. f4 Rg3 32. Kf2 Bc6 33. Nd5 Ne6 34.
Bc3 Bxd5 35. cxd5 Nxf4 36. Nxf4 Rxc3 37. Rd3 Rc2+ 38. Kf3 c4 39. bxc4 Rxc4 40.
e6 Rxa4 41. exf7+ Kxf7 42. Ne6 Be7 43. Nxc7 Ra3 44. Rxa3 Bxa3 45. Ke4 Bd6 46.
Nb5 Ke7 47. Kd4 Bc5+ 48. Kc4 a4 49. Kc3 Kf6 50. Kc4 Ke5 51. Nc3 a3 0-1

[Event "Bulgaria tch 2005"]
[Site "Sunny Beach BUL"]
[Date "2005.09.29"]
[Round "4.1"]
[White "Rusev, Krasimir"]
[Black "Grigorov, Grigor"]
[Result "0-1"]
[WhiteElo "2426"]
[BlackElo "2400"]
[PlyCount "90"]
[EventDate "2005.09.26"]
[EventType "team"]
[EventRounds "7"]
[EventCountry "BUL"]
[Source "lmi"]
[SourceDate "2005.10.02"]

1. d4 d5 2. c4 e6 3. Nc3 Nf6 4. Nf3 c6 5. Qb3 dxc4 6. Qxc4 b5 7. Qb3 a6 8. Bg5
Nbd7 9. Rd1 Qb6 10. e4 c5 11. d5 c4 12. Qc2 Bc5 13. Bh4 O-O 14. Be2 Re8 15. O-O
Bb7 16. Rfe1 exd5 17. exd5 h5 18. Nd2 Bb4 19. Nf1 Bxc3 20. Qxc3 Nxd5 21. Qd2
Ne5 22. Bg3 Nf6 23. Ne3 Ne4 24. Qd4 Qxd4 25. Rxd4 Nxg3 26. hxg3 Rad8 27. Red1
Rxd4 28. Rxd4 g6 29. Rd6 Re6 30. Rd8+ Kg7 31. a4 Be4 32. axb5 axb5 33. Kf1 Nc6
34. Rd7 Nb4 35. Ke1 Na6 36. Rd8 Nc5 37. Rb8 Bc6 38. Bf3 Nd3+ 39. Ke2 Nxb2 40.
Bxc6 Rxc6 41. Rxb5 c3 42. Nc2 Rd6 43. Nb4 Rd2+ 44. Ke1 Rd4 45. Nc2 Rd1+ 0-1

[Event "Bulgaria tch 2005"]
[Site "Sunny Beach BUL"]
[Date "2005.09.29"]
[Round "4.2"]
[White "Delchev, Aleksander"]
[Black "Nikolov, Momchil"]
[Result "1-0"]
[WhiteElo "2656"]
[BlackElo "2400"]
[PlyCount "79"]
[EventDate "2005.09.26"]
[EventType "team"]
[EventRounds "7"]
[EventCountry "BUL"]
[Source "lmi"]
[SourceDate "2005.10.02"]

1. e4 c5 2. Nf3 e6 3. d4 cxd4 4. Nxd4 a6 5. Nc3 Qc7 6. Be2 Nf6 7. O-O Be7 8. f4
d6 9. a4 Nc6 10. Be3 O-O 11. Kh1 Re8 12. Bf3 Nxd4 13. Qxd4 e5 14. Qd2 exf4 15.
Bxf4 Be6 16. Rfd1 Red8 17. Ne2 Ng4 18. Nd4 Ne5 19. b3 Bf6 20. Ra2 g6 21. c4 Bg7
22. Qe3 Rd7 23. Rad2 Rad8 24. Be2 Rc8 25. Nxe6 fxe6 26. Qh3 Re8 27. Bg4 Nxg4
28. Qxg4 Qb6 29. Rd3 Bf8 30. h4 Rf7 31. h5 Rg7 32. Bxd6 Bxd6 33. Rxd6 Qxb3 34.
Rd8 Rge7 35. hxg6 h6 36. Qf4 Qxa4 37. Qxh6 Rg7 38. e5 a5 39. Kh2 Rge7 40. R1d4
1-0

[Event "Bulgaria tch 2005"]
[Site "Sunny Beach BUL"]
[Date "2005.09.29"]
[Round "4.2"]
[White "Yordanov, Nikolay"]
[Black "Petkov, Vladimir"]
[Result "1-0"]
[WhiteElo "2146"]
[BlackElo "2475"]
[PlyCount "60"]
[EventDate "2005.09.26"]
[EventType "team"]
[EventRounds "7"]
[EventCountry "BUL"]
[Source "lmi"]
[SourceDate "2005.10.02"]

1. e4 c5 2. Nf3 d6 3. c3 Nf6 4. Be2 Bg4 5. O-O e6 6. h3 Bh5 7. Re1 Nc6 8. d4
cxd4 9. Nxd4 Bxe2 10. Qxe2 Rc8 11. Nxc6 Rxc6 12. c4 Be7 13. Nc3 O-O 14. b3 a6
15. Bb2 Qa5 16. Rad1 Rfc8 17. Nd5 exd5 18. exd5 R6c7 19. Bxf6 gxf6 20. Qg4+ Kf8
21. Re3 f5 22. Qxf5 h6 23. Qh7 Bf6 24. Qxh6+ Bg7 25. Qxd6+ Kg8 26. Rg3 Kh8 27.
Rd4 Qe1+ 28. Kh2 Qe7 29. Qf4 Rd7 30. Qf5 Rg8 1-0

[Event "Bulgaria tch 2005"]
[Site "Sunny Beach BUL"]
[Date "2005.09.29"]
[Round "4.2"]
[White "Genov, Petar"]
[Black "Velchev, Hristo"]
[Result "1/2-1/2"]
[WhiteElo "2469"]
[BlackElo "2212"]
[PlyCount "67"]
[EventDate "2005.09.26"]
[EventType "team"]
[EventRounds "7"]
[EventCountry "BUL"]
[Source "lmi"]
[SourceDate "2005.10.02"]

1. c4 e6 2. Nc3 d5 3. d4 c5 4. cxd5 exd5 5. Nf3 Nc6 6. g3 Nf6 7. Bg2 Be7 8. O-O
O-O 9. dxc5 Bxc5 10. Bg5 d4 11. Bxf6 Qxf6 12. Nd5 Qd8 13. Nd2 Re8 14. Rc1 Bb6
15. Nc4 Bg4 16. Re1 Ba5 17. Nxa5 Qxa5 18. h3 Bxh3 19. Nf6+ gxf6 20. Bxh3 Rad8
21. a3 Ne5 22. Bg2 Kg7 23. Rf1 Ng4 24. Bf3 Qh5 25. Bxg4 Qxg4 26. Re1 Re3 27.
Kg2 Rde8 28. Rc4 Qe4+ 29. Kg1 Rxe2 30. Rxe2 Qxe2 31. Qxd4 Qf3 32. Qg4+ Qxg4 33.
Rxg4+ Kf8 34. Rc4 1/2-1/2

[Event "Bulgaria tch 2005"]
[Site "Sunny Beach BUL"]
[Date "2005.09.29"]
[Round "4.2"]
[White "Mladenov, Plamen"]
[Black "Petrov, Marijan"]
[Result "0-1"]
[WhiteElo "2205"]
[BlackElo "2406"]
[PlyCount "90"]
[EventDate "2005.09.26"]
[EventType "team"]
[EventRounds "7"]
[EventCountry "BUL"]
[Source "lmi"]
[SourceDate "2005.10.02"]

1. d4 d6 2. c4 Nf6 3. Nc3 Nbd7 4. e4 e5 5. d5 Nc5 6. f3 a5 7. Bd3 c6 8. Nge2
Be7 9. Be3 O-O 10. O-O Bd7 11. Bc2 cxd5 12. cxd5 Ne8 13. a3 Bg5 14. Bf2 Bh4 15.
g3 Bg5 16. f4 Bf6 17. f5 g6 18. b4 Na6 19. Qb1 h5 20. Ba4 Bg5 21. bxa5 Bxa4 22.
Nxa4 Qxa5 23. Nb6 Rd8 24. Ra2 Nf6 25. Be1 Be3+ 26. Bf2 Bxf2+ 27. Rxf2 Nc5 28.
Qb4 Qa7 29. Rf3 Ncxe4 30. Kg2 Kg7 31. fxg6 fxg6 32. Nc3 Ng5 33. Rxf6 Rxf6 34.
h4 Nf7 35. Ne4 Rf5 36. Rc2 Qa6 37. Nc4 Rc8 38. a4 g5 39. Rc3 g4 40. Ne3 Qe2+
41. Kg1 Rf3 42. Ng2 Rcxc3 43. Nxc3 Qf2+ 44. Kh1 Rxg3 45. Qe4 Rh3# 0-1

[Event "Bulgaria tch 2005"]
[Site "Sunny Beach BUL"]
[Date "2005.09.29"]
[Round "4.2"]
[White "Drenchev, Petar"]
[Black "Tzekov, Svetozar"]
[Result "1-0"]
[WhiteElo "2412"]
[BlackElo "2147"]
[PlyCount "81"]
[EventDate "2005.09.26"]
[EventType "team"]
[EventRounds "7"]
[EventCountry "BUL"]
[Source "lmi"]
[SourceDate "2005.10.02"]

1. d4 d5 2. c4 c6 3. Nf3 Nf6 4. Nbd2 Bf5 5. Nh4 g6 6. Nxf5 gxf5 7. Qb3 Qc8 8.
g3 e6 9. Bg2 Bg7 10. O-O O-O 11. Nf3 dxc4 12. Qxc4 Nbd7 13. Bf4 Ne4 14. Ne5 Nd6
15. Qd3 Nxe5 16. dxe5 Nb5 17. e3 Nc7 18. e4 Rd8 19. Qc2 Nb5 20. Rae1 Nd4 21.
Qb1 Qd7 22. Qc1 Qe8 23. Bg5 Rd7 24. Bf6 Qf8 25. Qg5 Kh8 26. exf5 exf5 27. Kh1
Bxf6 28. exf6 Qg8 29. Qf4 Re8 30. Rxe8 Qxe8 31. Qh6 Ne6 32. Qh5 Nd4 33. g4 Qd8
34. Qh6 Qg8 35. Re1 Rd8 36. gxf5 Nxf5 37. Qf4 Nd4 38. Be4 Re8 39. Re3 Ne6 40.
Qh6 Ng5 41. Bxh7 1-0

[Event "Bulgaria tch 2005"]
[Site "Sunny Beach BUL"]
[Date "2005.09.29"]
[Round "4.2"]
[White "Mladenov, Ilian"]
[Black "Marholev, Dimitar"]
[Result "1/2-1/2"]
[WhiteElo "2207"]
[BlackElo "2423"]
[PlyCount "139"]
[EventDate "2005.09.26"]
[EventType "team"]
[EventRounds "7"]
[EventCountry "BUL"]
[Source "lmi"]
[SourceDate "2005.10.02"]

1. d4 g6 2. e4 Bg7 3. Nf3 a6 4. Bd3 d6 5. O-O e5 6. c3 Nc6 7. Be3 Nf6 8. h3 O-O
9. Nbd2 Nh5 10. Re1 Nf4 11. Bf1 h6 12. d5 Ne7 13. c4 g5 14. c5 f5 15. cxd6 cxd6
16. g3 fxe4 17. gxf4 gxf4 18. Nxe4 fxe3 19. Rxe3 Nf5 20. Rc3 Qe8 21. Rac1 Qg6+
22. Bg2 Kh8 23. Qd3 Bd7 24. Rc7 Bb5 25. Qc2 Ne3 26. fxe3 Rxf3 27. a4 Be8 28.
Nxd6 Qg5 29. Rc8 Qxe3+ 30. Kh1 Rxc8 31. Qxc8 Rf8 32. Nxe8 e4 33. Nf6 Rxc8 34.
Rxc8+ Bf8 35. Rxf8+ Kg7 36. Nd7 Qd2 37. Re8 Qc1+ 38. Kh2 Qc7+ 39. Ne5 e3 40.
Kg3 Qc2 41. Ng4 h5 42. Rxe3 hxg4 43. hxg4 Qxb2 44. Be4 Qd2 45. Rd3 Qe1+ 46. Kf4
Qf1+ 47. Rf3 Qc1+ 48. Kf5 Qc8+ 49. Ke5 Qe8+ 50. Kf4 Qf8+ 51. Ke3 b5 52. axb5
axb5 53. g5 Qc5+ 54. Kf4 Qc7+ 55. Kg4 Qe5 56. Rf4 b4 57. g6 b3 58. Rf7+ Kg8 59.
Kf3 Qc3+ 60. Kf4 Qd2+ 61. Ke5 b2 62. Rf1 Qc3+ 63. Ke6 Qc1 64. Rf3 Qe1 65. Kf5
b1=Q 66. Bxb1 Qxb1+ 67. Ke5 Qe1+ 68. Kd4 Qd1+ 69. Rd3 Qg4+ 70. Ke5 1/2-1/2

[Event "Bulgaria tch 2005"]
[Site "Sunny Beach BUL"]
[Date "2005.09.29"]
[Round "4.3"]
[White "Lalev, Dimitar"]
[Black "Georgiev, Kiril"]
[Result "0-1"]
[WhiteElo "2412"]
[BlackElo "2666"]
[PlyCount "40"]
[EventDate "2005.09.26"]
[EventType "team"]
[EventRounds "7"]
[EventCountry "BUL"]
[Source "lmi"]
[SourceDate "2005.10.02"]

1. Nf3 d5 2. c4 d4 3. e3 Nc6 4. Nxd4 Nxd4 5. exd4 Qxd4 6. Nc3 c6 7. d3 Nh6 8.
Be3 Qd7 9. Be2 g6 10. Qd2 Nf5 11. Bg4 Bg7 12. O-O-O O-O 13. h4 h5 14. Bxf5 Qxf5
15. Ne4 Rd8 16. f3 Be6 17. Ng3 Qe5 18. f4 Qc7 19. Qf2 Bg4 20. Rd2 b5 0-1